000 00355nam a22000857a 4500
008 250417b ||||| |||| 00| 0 eng d
100 _aLindquist, H.L.
245 _aThe Stamp Specialist
_bCoral Book
650 _aOverrun Nations Series|Poland Postal Stationery|Peru Postal History|Russian Zemstvos|Norway, notes of the Unlisted|Civil War|Brazilian Postal Forgeries
999 _c3649
_d3649